000 00622nam a2200205Ia 4500
001 243
005 20251205092407.0
008 251203t1983||||xx |||||||||||||| ||spa||
041 _aESP
082 _a782.270985
_bP77
100 _aPons Muzzo, Gustavo,
_cAUT
245 0 _aLa ley No. 1801 y la letra auténtica del himno nacional
260 _aLima :
_bLibrería Distribuidora Bazar "San Miguel"
_c1983
300 _a126 páginas :
_b retrato, ilustraciones ;
_c 24 cm.
500 _aSon dos ejemplares
650 _aABD
653 _aHimnos nacionales - Perú – Historia;
654 _aCTP
942 _cLIB
_dJUS
_fMAT
_2ddc
999 _c243
_d243